|
|
|
|
| LEADER |
00000cam a2200000 7i4500 |
| 001 |
0000007413 |
| 002 |
000007971 |
| 005 |
20010320.0 |
| 020 |
|
|
|a 9838931699
|
| 090 |
0 |
0 |
|a F
|b LAM
|
| 100 |
0 |
|
|a Lamia Aimal
|
| 245 |
1 |
0 |
|a Waja
|c Lamia Aimal
|
| 260 |
|
|
|a Kuala Lumpur :
|b Creative Enterprise Sdn.Bhd. ,
|c 1995, 1999
|
| 300 |
|
|
|a 400p. ;
|c 20cm.
|
| 999 |
|
|
|a 052069
|b BUKU
|c PINJAMAN
|e PERPUSTAKAAN KOMUNITI PETALING JAYA
|
| 999 |
|
|
|a 052070
|b BUKU
|c PINJAMAN
|e PERPUSTAKAAN KOMUNITI PETALING JAYA
|
| 999 |
|
|
|a 052071
|b BUKU
|c PINJAMAN
|e PERPUSTAKAAN KOMUNITI PETALING JAYA
|
| 999 |
|
|
|a 055409
|b BUKU
|c PINJAMAN
|e PERPUSTAKAAN KOMUNITI CAW KOTA DAMANSARA
|
| 999 |
|
|
|a 055410
|b BUKU
|c PINJAMAN
|e PERPUSTAKAAN KOMUNITI CAW KOTA DAMANSARA
|
| 999 |
|
|
|a 099080
|b BUKU
|c FICTION
|e PERPUSTAKAAN KOMUNITI PETALING JAYA
|
| 999 |
|
|
|a 099084
|b BUKU
|c FICTION
|e PERPUSTAKAAN KOMUNITI PETALING JAYA
|